Modern-Day Countries of the Chagatai Khanate on a Map - Statistics

General Stats
  • This quiz has been taken 2,068 times
    2,066 since last reset
  • The average score is 11 of 11
Answers on the Map
Answers color-coded by a green-red scale on the quiz's map according to % correct below.
 
Answer Stats
Country % Correct
China
100%
Russia
100%
Afghanistan
99%
India
99%
Kazakhstan
99%
Mongolia
99%
Pakistan
99%
Tajikistan
99%
Kyrgyzstan
98%
Turkmenistan
98%
Uzbekistan
98%
No matching quizzes found
Score Distribution
Percent of People with Each Score
Percentile by Number Answered
Your Score History
You have not taken this quiz since the last reset